Obálka Náhled e-knihy:
PDF Epub
Pro půjčování e-knih musíte být přihlášeni.
Jak si půjčit online?

Hoši od Bobří řeky /

Dobrodružný příběh chlapců, kteří založili klub Hochů od Bobří řeky a pod vedením Rikitana plní úkoly vyžadující mrštnost, obratnost, zručnost, sílu nebo sebeovládání. První svazek souborného díla autora v novém vydání, s ilustracemi E. Kuchynkové.

Uloženo v:
Série:Hoši od Bobří řeky, část 1
Hlavní autor: Foglar, Jaroslav, 1907-1999 (Autor)
Další autoři: Kuchynková, Ester, 1993- (Autor)
Médium: E-kniha
Jazyk:Czech
Vydáno: V Praze : Albatros, 2018
Vydání:18. vydání
Témata:
Příbuzné jednotky:Z cyklu:: Hoši od Bobří řeky
Tagy:
Žádné tagy
LEADER 02927nam a2200517 i 4500
001 310944
003 CZ PrSKC
005 20260601215657.0
007 ta
008 181012s2018 xr a c 000 f cze
015 |a cnb003038644 
020 |a 9788000052045  |q (vázáno) :  |c Kč 349,00 
035 |a (OCoLC)1065997744 
040 |a ABA001  |b cze  |e rda 
072 7 |a 821.162.3-3  |x Česká próza  |2 Konspekt 
072 7 |a 821-93  |x Literatura pro děti a mládež (beletrie)  |2 Konspekt 
080 |a 821.162.3-31  |2 MRF 
080 |a 821-93  |2 MRF 
080 |a (0:82-311.3)  |2 MRF 
100 1 |a Foglar, Jaroslav,  |d 1907-1999  |7 jk01031485  |4 aut 
245 1 0 |a Hoši od Bobří řeky /  |c Foglar ; ilustrovala Ester Kuchynková 
250 |a 18. vydání 
264 1 |a V Praze :  |b Albatros,  |c 2018 
300 |a 210 stran :  |b ilustrace (převážně barevné) ;  |c 23 cm +  |e 1 brožura (14 nečíslovaných stran) 
336 |a text  |b txt  |2 rdacontent 
337 |a bez média  |b n  |2 rdamedia 
338 |a svazek  |b nc  |2 rdacarrier 
500 |a Název brožury: 13 bobříků 
520 2 |a Dobrodružný příběh chlapců, kteří založili klub Hochů od Bobří řeky a pod vedením Rikitana plní úkoly vyžadující mrštnost, obratnost, zručnost, sílu nebo sebeovládání. První svazek souborného díla autora v novém vydání, s ilustracemi E. Kuchynkové.  |b Příběh o skautských výpravách, plnění bobříků, i o ryzím přátelství. Vedoucí Rikitan dá dohromady partu dvanácti chlapců a utvoří oddané bratrstvo. Každý z nich je jiný, ale všichni se navzájem skvěle doplňují. Rikitan pro chlapce vymýšlí zábavné hry, aby je vedl k čestnosti, fyzické síle i moudrosti. Společně si zamilovávají přírodu a podle zálesáka Roye loví bobříky. Stávají se tak věrnými kamarády, kteří spolu zažívají nezapomenutelná dobrodružství. Nakladatelská anotace. 
521 8 |a Pro čtenáře od 9 let 
655 7 |a české romány  |7 fd133974  |2 czenas 
655 7 |a dobrodružné romány  |7 fd132061  |2 czenas 
655 7 |a publikace pro děti  |7 fd133156  |2 czenas 
655 9 |a Czech fiction  |2 eczenas 
655 9 |a adventure novels  |2 eczenas 
655 9 |a children's literature  |2 eczenas 
700 1 |a Kuchynková, Ester,  |d 1993-  |7 xx0228328  |4 ill 
740 0 2 |a 13 bobříků 
740 0 2 |a Třináct bobříků 
787 0 8 |i Z cyklu:  |t Hoši od Bobří řeky  |g 1 
900 |a ABA001  |b 20 
928 9 |a Albatros Media - Albatros 
044 |a xr 
910 |a RBIT002 
998 |d 179378  |a https://core.palmknihy.cz/api/books/179378/cover?pfnm16  |b https://core.palmknihy.cz/api/books/179378/cover/400?pfnm16  |c https://core.palmknihy.cz/api/books/179378/cover/50?pfnm16  |e 2030-01-01  |g 216  |i 9788000052045  |j https://core.palmknihy.cz/api/books/179378/preview.epub  |k https://core.palmknihy.cz/api/books/179378/preview.pdf  |l   |q 49  |r 1  |s https://www.palmknihy.cz/kniha/179378  |t ebook  |y 2018  |z 0 
999 |d 310942